Australian Cities by Picture - Statistics

General Stats
  • This quiz has been taken 46 times
  • The average score is 8 of 16
Answer Stats
Picture Answer % Correct
Canberra
100%
Sydney
93%
Perth
79%
Melbourne
77%
Adelaide
70%
Brisbane
67%
Hobart
67%
Darwin
63%
Alice Springs
58%
Gold Coast
53%
Townsville
35%
Newcastle
26%
Wollongong
21%
Sunshine Coast
14%
Geelong
12%
Rockhampton
5%
No matching quizzes found
Score Distribution
Percent of People with Each Score
Percentile by Number Answered
Your Score History
You have not taken this quiz